000 00377nam a2200133Ia 4500
008 151001s9999||||xx |||||||||||||| ||und||
100 _aविनय केळुसकर
245 _aगोंधळात गोंधळ
250 _a1
260 _bत्रिदल प्रकाशन मुंबई
260 _c1981
300 _a87
365 _b18
999 _c981870
_d981867